Estadísticas para Países por las Banderas de los Países Limítrofes

Haz click aquí para tomar la prueba!

Estadísticas generales

  • Esta prueba ha sido tomada 2.218 veces
  • La puntuación promedio es 17 de 20

Estadísticas de respuestas

BanderasPaís% Correcto
Canadá
99%
Uruguay
97%
Estados Unidos
95%
Andorra
95%
Reino Unido
94%
Suecia
93%
Países Bajos
92%
Mongolia
91%
España
90%
Irlanda
90%
Corea del Norte
87%
Lesoto
82%
Dinamarca
82%
Panamá
80%
Líbano
79%
Catar
78%
Camboya
71%
Bangladés
70%
Indonesia
68%
Brunéi
59%

Distribución de puntuación

Porcentaje por número respondido

Porcentaje de gente con cada puntuación

Historial de tus puntuaciones

No has tomado esta prueba